000 00592nam a2200193 a 4500
003 BD-DhJNU
005 20251119050017.0
008 220609b ||||| |||| 00| 0 eng d
020 _a9781427642165
040 _aBD-DhJNU
_bENG
_cBD-DhJNU
_dBD-DhJNU
082 _a741.6 ETG
_223
100 1 _aEthnics, Global
245 1 0 _aGraphic :
_bprint source: kids inspirations /
_cGlobal Ethnics
260 _aGottingen :
_bGP Publication Ltd.,
_c2008.
300 _a141 p. :
_bill. ;
_c27 cm.
504 _aIncludes bibliographical references and index.
650 _aDesign | Visual Arts
942 _cBK
999 _c2387
_d2387